[Event "IECC CL8-2005.05 email"]
[Site "IECC email"]
[Date "2005.06.20"]
[Round "?"]
[White "Davidson, Allan D"]
[Black "Butcher, Robert Evan Sr"]
[Result "0-1"]
[WhiteElo "967"]
[BlackElo "919"]
[PlyCount "98"]
[EventDate "2005.??.??"]
[EventType "tourn (corr)"]
[EventRounds "4"]
[SourceTitle "Corr 2008"]
[Source "ChessBase"]
[SourceDate "2008.06.24"]
[SourceVersion "1"]
[SourceVersionDate "2008.06.24"]
[SourceQuality "1"]

1. e4 d6 2. Nf3 e5 3. Bc4 Be6 4. Bxe6 fxe6 5. d4 Nc6 6. dxe5 dxe5 7. Qxd8+ Rxd8 8. Bg5 Rd7 9. Nc3 h6 10. Be3 a6 11. Rd1 Nf6 12. 0-0 Bd6 13. h3 g5 14. a3 Rg7 15. g4 Nh7 16. Nh2 Nf6 17. f3 Ke7 18. b4 Nd4 19. Bxd4 exd4 20. Rxd4 c5 21. Nd5+ Nxd5 22. bxc5 Bxc5 23. exd5 Bxd4+ 24. Kg2 exd5 25. Re1+ Kd6 26. Nf1 h5 27. Rd1 Bc3 28. Rd3 d4 29. Nd2 Kd5 30. Ne4 Kc4 31. Nxc3 dxc3 32. Kf2 h4 33. a4 Re8 34. Re3 Rxe3 35. Kxe3 Re7+ 36. Kf2 Kb4 37. a5 Kxa5 38. f4 gxf4 39. Kf3 Rf7 40. g5 b5 41. g6 Rg7 42. Kxf4 Rxg6 43. Kf5 Rg3 44. Kf4 Rxh3 45. Kg4 Rh1 46. Kh5 b4 47. Kg4 Ka4 48. Kf3 Rg1 49. Kf2 Rg8 0-1

[Event "IECC CL8-2004.10 email"]
[Site "IECC email"]
[Date "2004.08.06"]
[Round "?"]
[White "Hudgins, Jonathan"]
[Black "Butcher, Robert Evan Sr"]
[Result "1-0"]
[WhiteElo "1048"]
[BlackElo "1044"]
[PlyCount "75"]
[EventDate "2004.??.??"]
[EventType "tourn (corr)"]
[EventRounds "4"]
[SourceTitle "Corr 2008"]
[Source "ChessBase"]
[SourceDate "2008.06.24"]
[SourceVersion "1"]
[SourceVersionDate "2008.06.24"]
[SourceQuality "1"]

1. e4 c5 2. Bc4 e6 3. Nh3 Bd6 4. d4 a6 5. Qg4 g6 6. e5 Be7 7. d5 b5 8. dxe6 dxe6 9. Be2 Ra7 10. 0-0 Nc6 11. f4 f6 12. Qg3 Nd4 13. Qd3 Rd7 14. c3 Nb3 15. Qxd7+ Bxd7 16. axb3 c4 17. bxc4 Bc5+ 18. Nf2 a5 19. cxb5 Nh6 20. Kh1 Nf5 21. Ne4 Bb6 22. Nxf6+ Kf7 23. Rd1 Nd4 24. cxd4 Bc8 25. d5 Bb7 26. dxe6+ Kxe6 27. Rxd8 Rxd8 28. Ra3 Rc8 29. Rc3 Rc5 30. Rxc5 Bxc5 31. Nxh7 Be4 32. Ng5+ Kf5 33. Nxe4 Kxe4 34. g4 Bb6 35. Nc3+ Kd4 36. e6 Bd8 37. b6 Bxb6 38. e7 1-0

[Event "IECC CL8-2004.09 email"]
[Site "IECC email"]
[Date "2004.06.22"]
[Round "?"]
[White "Bonk, Gregory"]
[Black "Butcher, Robert Evan Sr"]
[Result "0-1"]
[WhiteElo "991"]
[BlackElo "1016"]
[PlyCount "74"]
[EventDate "2004.??.??"]
[EventType "tourn (corr)"]
[EventRounds "4"]
[SourceTitle "Corr 2008"]
[Source "ChessBase"]
[SourceDate "2008.06.24"]
[SourceVersion "1"]
[SourceVersionDate "2008.06.24"]
[SourceQuality "1"]

1. e4 c5 2. Na3 d6 3. c3 a6 4. d4 Nf6 5. e5 dxe5 6. dxe5 Qxd1+ 7. Kxd1 Ne4 8. Nh3 Bxh3 9. Be3 Bd7 10. f3 Nxc3+ 11. bxc3 e6 12. Nc4 b5 13. Nb6 Ra7 14. Kc2 Bc6 15. Rd1 Nd7 16. Bg5 Be7 17. Be3 Nxb6 18. Bd3 c4 19. Be4 Bxe4+ 20. fxe4 Rb7 21. Rd2 Na4 22. g3 0-0 23. h4 a5 24. g4 b4 25. Rd4 bxc3 26. Rxc4 Rb2+ 27. Kc1 Ba3 28. Rxa4 Rh2+ 29. Rxa3 Rxh1+ 30. Kc2 Rc8 31. Rb3 Rh2+ 32. Kc1 h6 33. Bf4 Rxh4 34. Kc2 Rxg4 35. Be3 Rg2+ 36. Kb1 c2+ 37. Kb2 c1Q# 0-1

[Event "IECC CL8-2003.23 email"]
[Site "IECC email"]
[Date "2003.11.07"]
[Round "?"]
[White "Butcher, Robert Evan Sr"]
[Black "Duteau, Jean Henri"]
[Result "0-1"]
[WhiteElo "843"]
[BlackElo "1020"]
[PlyCount "66"]
[EventDate "2003.??.??"]
[EventType "tourn (corr)"]
[EventRounds "4"]
[SourceTitle "Corr 2008"]
[Source "ChessBase"]
[SourceDate "2008.06.24"]
[SourceVersion "1"]
[SourceVersionDate "2008.06.24"]
[SourceQuality "1"]

1. e4 d6 2. Nc3 Nf6 3. d4 g6 4. Nf3 Bg7 5. Bb5+ c6 6. Ba4 b5 7. Bb3 b4 8. Na4 Nxe4 9. Qe2 d5 10. h3 0-0 11. c3 Ba6 12. c4 Qd6 13. c5 Bxe2 14. cxd6 Bxf3 15. dxe7 Re8 16. gxf3 Nd6 17. Be3 Rxe7 18. Nc5 Bxd4 19. Kd2 Bxb2 20. Rab1 Bc3+ 21. Kd3 Nf5 22. h4 Nd7 23. Nxd7 Rxd7 24. Bc5 Re8 25. Ba4 Rb8 26. h5 a5 27. hxg6 fxg6 28. Bb3 Rb5 29. Be3 Kg7 30. Ba4 d4 31. Bxb5 dxe3+ 32. Kc2 Rd2+ 33. Kb3 cxb5 0-1

[Event "IECC CL8-2003.21 email"]
[Site "IECC email"]
[Date "2003.10.28"]
[Round "?"]
[White "Butcher, Robert Evan Sr"]
[Black "Ballueder, Volker"]
[Result "0-1"]
[WhiteElo "854"]
[BlackElo "979"]
[PlyCount "108"]
[EventDate "2003.??.??"]
[EventType "tourn (corr)"]
[EventRounds "4"]
[SourceTitle "Corr 2008"]
[Source "ChessBase"]
[SourceDate "2008.06.24"]
[SourceVersion "1"]
[SourceVersionDate "2008.06.24"]
[SourceQuality "1"]

1. e4 c5 2. Bc4 Nc6 3. Nf3 Nf6 4. Nc3 b6 5. 0-0 Bb7 6. Re1 g6 7. d4 cxd4 8. Nxd4 Bg7 9. e5 Nh5 10. Bxf7+ Kxf7 11. e6+ dxe6 12. Qf3+ Nf6 13. Nxe6 Qd6 14. Ng5+ Kg8 15. Bf4 Qc5 16. Ne6 Qc4 17. b3 Qb4 18. Rad1 Nh5 19. Bd2 Rb8 20. Nd5 Qc5 21. Bg5 Ne5 22. Nxe7+ Qxe7 23. Bxe7 Bxf3 24. Rd8+ Kf7 25. Rxb8 Rxb8 26. Bd6 Rc8 27. Ng5+ Kf6 28. Nxh7+ Kf5 29. c4 Rh8 30. Bxe5 Bxe5 31. Ng5 Kxg5 32. gxf3 Bc3 33. Re5+ Bxe5 34. Kg2 Nf4+ 35. Kg1 Rd8 36. h3 Rd1+ 37. Kh2 Kh4 38. a4 Nxh3+ 39. Kg2 Nf4+ 40. Kh2 Ne2+ 41. f4 Bxf4+ 42. Kg2 Rg1+ 43. Kf3 Re1 44. Ke4 Kg4 45. f3+ Kg3 46. b4 Nc3+ 47. Kd3 Nxa4 48. Kd4 Kxf3 49. Kd5 g5 50. Kc6 g4 51. Kb7 g3 52. Kxa7 Re5 53. c5 bxc5 54. b5 Re6 0-1

[Event "IECC CL8-2003.21 email"]
[Site "IECC email"]
[Date "2003.10.28"]
[Round "?"]
[White "Raymond, David A"]
[Black "Butcher, Robert Evan Sr"]
[Result "1-0"]
[WhiteElo "997"]
[BlackElo "864"]
[PlyCount "53"]
[EventDate "2003.??.??"]
[EventType "tourn (corr)"]
[EventRounds "4"]
[SourceTitle "Corr 2008"]
[Source "ChessBase"]
[SourceDate "2008.06.24"]
[SourceVersion "1"]
[SourceVersionDate "2008.06.24"]
[SourceQuality "1"]

1. e4 e5 2. Nf3 Nc6 3. Bb5 d5 4. Bxc6+ bxc6 5. exd5 cxd5 6. Nxe5 Qe7 7. d4 Ba6 8. Nc3 f6 9. Bf4 fxe5 10. Bxe5 Nf6 11. Qd2 Qe6 12. 0-0-0 Bb4 13. Rhe1 0-0 14. f3 Rac8 15. g4 Rb8 16. Bxc7 Bxc3 17. Qxc3 Qd7 18. Bxb8 Rxb8 19. g5 Nh5 20. Rg1 Nf4 21. Kb1 Ne2 22. Qe3 Qc6 23. Rde1 Rxb2+ 24. Kxb2 Qb6+ 25. Ka1 h6 26. Qe8+ Kh7 27. g6+ 1-0

[Event "IECC CL8-2003.21 email"]
[Site "IECC email"]
[Date "2003.10.28"]
[Round "?"]
[White "Zanpure, Saniya"]
[Black "Butcher, Robert Evan Sr"]
[Result "0-1"]
[WhiteElo "973"]
[BlackElo "895"]
[PlyCount "88"]
[EventDate "2003.??.??"]
[EventType "tourn (corr)"]
[EventRounds "4"]
[SourceTitle "Corr 2008"]
[Source "ChessBase"]
[SourceDate "2008.06.24"]
[SourceVersion "1"]
[SourceVersionDate "2008.06.24"]
[SourceQuality "1"]

1. e4 e5 2. Nf3 Nc6 3. Bc4 h6 4. Ng1 Nf6 5. d3 Bc5 6. Qf3 Nb4 7. Na3 d6 8. c3 Nc6 9. Qg3 0-0 10. f4 Ng4 11. h3 Bf2+ 12. Qxf2 Nxf2 13. Kxf2 exf4 14. Bxf4 Ne5 15. Nf3 Nxf3 16. gxf3 Qh4+ 17. Ke3 Be6 18. Rag1 g5 19. Bg3 Qh5 20. f4 d5 21. exd5 Bf5 22. fxg5 Rae8+ 23. Kd2 Qe2+ 24. Kc1 hxg5 25. Re1 Qf3 26. Rhg1 Rxe1+ 27. Rxe1 Qxg3 28. d6 cxd6 29. Re7 Bxd3 30. Bd5 Qxh3 31. Nb5 Qf1+ 32. Kd2 Bxb5 33. c4 Bxc4 34. Re1 Qf2+ 35. Kc3 Qxe1+ 36. Kxc4 Rc8+ 37. Kd3 Qe5 38. Bb3 d5 39. Ba4 Qe4+ 40. Kd2 Qxa4 41. Ke2 Re8+ 42. Kf3 Qe4+ 43. Kg3 Qf4+ 44. Kg2 Re2+ 0-1

[Event "IECC CL8-2003.20 email"]
[Site "IECC email"]
[Date "2003.09.30"]
[Round "?"]
[White "Butcher, Robert Evan Sr"]
[Black "Ballueder, Volker"]
[Result "1-0"]
[WhiteElo "821"]
[BlackElo "1000"]
[PlyCount "21"]
[EventDate "2003.??.??"]
[EventType "tourn (corr)"]
[EventRounds "4"]
[SourceTitle "Corr 2008"]
[Source "ChessBase"]
[SourceDate "2008.06.24"]
[SourceVersion "1"]
[SourceVersionDate "2008.06.24"]
[SourceQuality "1"]

1. e4 e5 2. Bc4 Nc6 3. Nf3 Be7 4. d4 Nxd4 5. Bxf7+ Kxf7 6. Nxe5+ Ke8 7. Qh5+ g6 8. Nxg6 Nxc2+ 9. Kd1 Nxa1 10. Nxh8+ Kf8 11. Qf7# 1-0